DtMF - Bad Bunny - Statistiques

Statistiques générales
  • Ce quiz a été pris 156 fois
  • Le résultat moyen est 169 sur 461
Statistiques - réponses
Réponse % Correct
o
94%
de
91%
ti
91%
f
88%
a
86%
Debí
83%
más
83%
tirar
83%
82%
tu
82%
foto
80%
te
80%
Y
76%
y
76%
cuando
75%
que
74%
Que
74%
qué
74%
to
74%
la
69%
fotos
68%
tuve
67%
da
66%
besos
63%
Mi
62%
mi
62%
62%
las
61%
los
61%
se
61%
61%
abrazos
56%
pude
55%
darte
52%
no
51%
No
51%
J
48%
me
47%
veces
47%
nunca
45%
en
43%
di
40%
San
40%
ojalá
39%
Ojalá
39%
es
38%
Juan
38%
Otro
38%
muden
37%
si
35%
Si
35%
míos
34%
el
33%
El
33%
bonito
32%
sunset
31%
ya
31%
Ya
31%
Pero
30%
pero
30%
veo
30%
ayude
29%
con
29%
última
28%
vez
28%
cosas
27%
dan
27%
Pa
26%
pa
26%
tiré
26%
volver
26%
Yo
25%
yo
25%
conté
24%
emborracho
24%
ojos
24%
miré
23%
ayuden
22%
queriendo
22%
toda
22%
van
22%
contarte
21%
Disfrutando
21%
le
20%
tirarte
20%
tengo
19%
esas
18%
PR
18%
Hoy
17%
hoy
17%
por
17%
Ey
16%
extrañan
15%
noches
15%
corazón
14%
estás
14%
pues
14%
una
14%
pecho
12%
Dime
11%
dónde
11%
matá
11%
pal
11%
ves
11%
amo
10%
baby
10%
son
10%
bien
9%
Big
9%
digo
9%
quiero
9%
aún
8%
nudes
8%
Para
8%
para
8%
Roy
8%
dándome
7%
dominó
7%
estoy
7%
nena
7%
pienso
7%
calle
6%
día
6%
Édgar
6%
jugando
6%
loco
6%
pregunta
6%
abuelo
5%
Acho
5%
batá
5%
cabrón
5%
Cabrón
5%
Cristal
5%
disfrutar
5%
envíes
5%
estar
5%
Julito
5%
mami
5%
nene
5%
Óscar
5%
patá
5%
pelao
5%
Roro
5%
Seba
5%
terminó
5%
tocando
5%
tranquilo
5%
voy
5%
beber
4%
Beno
4%
déjame
4%
Jan
4%
kilo
4%
linda
4%
llegarle
4%
mía
4%
nombre
4%
pena
4%
cadena
3%
cómo
3%
Dalnelly
3%
dejamos
3%
nos
3%
toque
3%
Aquí
2%
aquí
2%
blanquita
2%
dulce
2%
esbaratá
2%
güiro
2%
jurado
2%
mierda
2%
mucho
2%
perico
2%
perreo
2%
queda
2%
sabe
2%
salsa
2%
sería
2%
tiene
2%
tiros
2%
Toy
2%
toy
2%
uno
2%
valgan
2%
Vamo
2%
vamo
2%
Bernie
1%
cerquita
1%
cojone
1%
estamo
1%
estén
1%
Gracias
1%
hablar
1%
hasta
1%
importante
1%
mundo
1%
paca
1%
petardos
1%
plena
1%
poco
1%
salen
1%
Santurce
1%
suena
1%
suspiros
1%
voa
1%
Zumba
1%
Así
0%
babies
0%
bomba
0%
Cada
0%
caminando
0%
caña
0%
chequéate
0%
Chequéate
0%
choco
0%
corillo
0%
Diablo
0%
estadía
0%
expulsen
0%
Gente
0%
guía
0%
máquinas
0%
Métase
0%
movie
0%
prendan
0%
significa
0%
Tamos
0%
todavía
0%
ustedes
0%
vengan
0%
verdad
0%
Aucun quiz correspondant
Distribution des résultats
% des personnes avec chaque résultat
Percentile par nombre de réponses
Votre historique - résultats
Vous n’avez pas pris ce quiz